ROSS & WILSON ANATOMY & PHYSIOLOGY IN HEALTH AND ILLNESS (Record no. 21965)
[ view plain ]
| 000 -LEADER | |
|---|---|
| fixed length control field | 00366nam a22001577a 4500 |
| 003 - CONTROL NUMBER IDENTIFIER | |
| control field | SGT |
| 020 ## - INTERNATIONAL STANDARD BOOK NUMBER | |
| International Standard Book Number | 9780702072772 |
| 082 ## - DEWEY DECIMAL CLASSIFICATION NUMBER | |
| Classification number | 611 |
| Item number | R18W |
| 100 ## - MAIN ENTRY--PERSONAL NAME | |
| Personal name | WAUGH, ANNE |
| 245 ## - TITLE STATEMENT | |
| Title | ROSS & WILSON ANATOMY & PHYSIOLOGY IN HEALTH AND ILLNESS |
| 250 ## - EDITION STATEMENT | |
| Edition statement | 13TH |
| 260 ## - PUBLICATION, DISTRIBUTION, ETC. (IMPRINT) | |
| Place of publication, distribution, etc | INDIA |
| Name of publisher, distributor, etc | ELSEVIER PUB |
| 300 ## - PAGE DESCRIPTION | |
| No. of Pages | 560 |
| 650 ## - SUBJECT ADDED ENTRY--TOPICAL TERM | |
| Topical term or geographic name as entry element | HUMAN ANATOMY |
| 942 ## - ADDED ENTRY ELEMENTS (KOHA) | |
| Source of classification or shelving scheme | Dewey Decimal Classification |
| Koha item type | Books |
| 942 ## - ADDED ENTRY ELEMENTS (KOHA) | |
| -- | 336 |
| Withdrawn status | Lost status | Source of classification or shelving scheme | Damaged status | Not for loan | Collection code | Home library | Current library | Shelving location | Date acquired | Vendor Name | Cost, normal purchase price | SGTU | Bill Number | Total Checkouts | Total Renewals | Full call number | Accession No. (Barcode) | Date last seen | Date last borrowed | Bill Date | Koha item type |
|---|---|---|---|---|---|---|---|---|---|---|---|---|---|---|---|---|---|---|---|---|---|
| Dewey Decimal Classification | NURSING | SGT Medical Library | SGT Medical Library | Text Book | 12/10/2021 | ABC DELHI | 1290.00 | SGTU | 13309 | 38 | 1 | 611 R18W | FN4591 | 09/01/2026 | 22/12/2025 | Books | |||||
| Dewey Decimal Classification | NURSING | SGT Medical Library | SGT Medical Library | Text Book | 12/10/2021 | ABC DELHI | 1290.00 | SGTU | 13309 | 41 | 1 | 611 R18W | FN4592 | 10/01/2026 | 18/12/2025 | Books | |||||
| Dewey Decimal Classification | NURSING | SGT Medical Library | SGT Medical Library | Text Book | 12/10/2021 | ABC DELHI | 1290.00 | SGTU | 13309 | 47 | 1 | 611 R18W | FN4593 | 10/01/2026 | 10/01/2026 | Books | |||||
| Dewey Decimal Classification | NURSING | SGT Medical Library | SGT Medical Library | Text Book | 12/10/2021 | ABC DELHI | 1290.00 | SGTU | 13309 | 37 | 611 R18W | FN4594 | 09/01/2026 | 07/01/2026 | Books | ||||||
| Dewey Decimal Classification | NURSING | SGT Medical Library | SGT Medical Library | Text Book | 12/10/2021 | ABC DELHI | 1290.00 | SGTU | 13309 | 42 | 2 | 611 R18W | FN4595 | 10/01/2026 | 23/12/2025 | Books | |||||
| Dewey Decimal Classification | NURSING | SGT Medical Library | SGT Medical Library | Text Book | 12/10/2021 | ABC DELHI | 1290.00 | SGTU | 13309 | 41 | 1 | 611 R18W | FN4596 | 20/01/2026 | 25/12/2025 | Books | |||||
| Dewey Decimal Classification | NURSING | SGT Medical Library | SGT Medical Library | Text Book | 12/10/2021 | ABC DELHI | 1290.00 | SGTU | 13309 | 45 | 5 | 611 R18W | FN4597 | 10/01/2026 | 24/12/2025 | Books | |||||
| Dewey Decimal Classification | NURSING | SGT Medical Library | SGT Medical Library | Text Book | 12/10/2021 | ABC DELHI | 1290.00 | SGTU | 13309 | 45 | 611 R18W | FN4598 | 19/01/2026 | 14/01/2026 | Books | ||||||
| Dewey Decimal Classification | NURSING | SGT Medical Library | SGT Medical Library | Text Book | 12/10/2021 | ABC DELHI | 1290.00 | SGTU | 13309 | 33 | 1 | 611 R18W | FN4599 | 09/01/2026 | 25/12/2025 | Books | |||||
| Dewey Decimal Classification | NURSING | SGT Medical Library | SGT Medical Library | Text Book | 12/10/2021 | ABC DELHI | 1290.00 | SGTU | 13309 | 20 | 1 | 611 R18W | FN4600 | 09/01/2025 | 28/12/2024 | Books |